<The> Assessment of companies for external and internal purposes

Ucelené koncepcie hodnotenia podnikov určených pre dve základné skupiny užívateľov: interní a externí. Hodnotenie podnikov zamerané iba na finančnú stránku veci je veľmi jednostranné a dnes už prekonané. Z koncepcií určených pre interné hodnotenie sa v 90. rokoch rozšírila tzv. vyvážená sústava ukaz...

Descrizione completa

Salvato in:
Dettagli Bibliografici
Autore principale: Sůvová, Helena
Natura: Capitolo di libro
Lingua:inglese
Soggetti:
Tags: Aggiungi Tag
Nessun Tag, puoi essere il primo ad aggiungerne!!

MARC

LEADER 00000naa$a2200000$$$4500
001 0007722
005 20231113140122.3
041 0 |a eng 
044 |a CZ 
245 1 0 |a <The> Assessment of companies for external and internal purposes  |c aut. Helena Sůvová 
520 |a Ucelené koncepcie hodnotenia podnikov určených pre dve základné skupiny užívateľov: interní a externí. Hodnotenie podnikov zamerané iba na finančnú stránku veci je veľmi jednostranné a dnes už prekonané. Z koncepcií určených pre interné hodnotenie sa v 90. rokoch rozšírila tzv. vyvážená sústava ukazovateľov, ktorá pomáha v strategickom riadení podniku.Ďalšou koncepciou je napr. EFQM Excellence model. Treťou uvedenou koncepciou hodnotenia stránky úverového rizika podniku je úverový rating. 
610 2 0 |a hodnota podniku 
610 2 0 |a hodnota podniku 
610 2 0 |a podnik poľnohospodársky 
610 2 0 |a oceňovanie ekonomické 
610 2 0 |a koncepcie 
610 2 0 |a ukazovatele 
610 2 0 |a rating 
610 2 0 |a Česko 
100 1 |a Sůvová, Helena